[Event "XX Open Internacional Sant Marti 2018"]
[Site "Barcelona"]
[Date "2018.07.18"]
[Round "6.1"]
[White "Guseinov, Gadir"]
[Black "Cuartas, Jaime Alexander"]
[Result "1/2-1/2"]
[BlackElo "2508"]
[WhiteElo "2654"]
[LiveChessVersion "1.4.8"]

1. e4 {[%clk 1:30:58]} e5 {[%clk 1:26:12]} 2. Nf3 {[%clk 1:31:18]} Nc6
{[%clk 1:26:36]} 3. Bb5 {[%clk 1:31:40]} a6 {[%clk 1:26:54]} 4. Ba4
{[%clk 1:31:35]} Nf6 {[%clk 1:27:14]} 5. O-O {[%clk 1:31:56]} b5 {[%clk 1:27:37]}
6. Bb3 {[%clk 1:32:21]} Bb7 {[%clk 1:28:01]} 7. Re1 {[%clk 1:32:45]} Be7
{[%clk 1:28:16]} 8. d4 {[%clk 1:33:08]} d6 {[%clk 1:28:36]} 9. c3
{[%clk 1:33:00]} O-O {[%clk 1:28:54]} 10. h3 {[%clk 1:31:49]} Re8
{[%clk 1:28:58]} 11. d5 {[%clk 1:30:28]} Nb8 {[%clk 1:29:10]} 12. Nbd2
{[%clk 1:25:43]} Nbd7 {[%clk 1:29:27]} 13. Nf1 {[%clk 1:26:03]} Nc5
{[%clk 1:28:56]} 14. Bc2 {[%clk 1:26:30]} c6 {[%clk 1:29:22]} 15. b4
{[%clk 1:25:11]} Ncd7 {[%clk 1:29:42]} 16. dxc6 {[%clk 1:25:15]} Bxc6
{[%clk 1:30:08]} 17. Ng3 {[%clk 1:25:33]} Bf8 {[%clk 1:27:45]} 18. Nf5
{[%clk 1:15:19]} d5 {[%clk 1:23:10]} 19. exd5 {[%clk 1:12:21]} Bxd5
{[%clk 1:23:30]} 20. Ne3 {[%clk 0:54:43]} Bb7 {[%clk 1:23:21]} 21. a4
{[%clk 0:37:17]} 1/2-1/2

[Event "XX Open Internacional Sant Marti 2018"]
[Site "Barcelona"]
[Date "2018.07.18"]
[Round "6.2"]
[White "Pena Gomez, Manuel"]
[Black "Quesada Perez, Yasser"]
[Result "1/2-1/2"]
[BlackElo "2531"]
[WhiteElo "2475"]
[LiveChessVersion "1.4.8"]

1. Nf3 {[%clk 1:30:54]} d5 {[%clk 1:30:20]} 2. g3 {[%clk 1:31:09]} Nf6
{[%clk 1:30:14]} 3. Bg2 {[%clk 1:31:37]} Bf5 {[%clk 1:30:29]} 4. O-O
{[%clk 1:31:49]} e6 {[%clk 1:30:36]} 5. d3 {[%clk 1:31:36]} h6 {[%clk 1:30:59]}
6. Nc3 {[%clk 1:25:04]} Bh7 {[%clk 1:29:44]} 7. Nd2 {[%clk 1:24:10]} Be7
{[%clk 1:28:44]} 8. e4 {[%clk 1:24:31]} O-O {[%clk 1:28:53]} 9. f4
{[%clk 1:23:54]} dxe4 {[%clk 1:24:47]} 10. dxe4 {[%clk 1:18:14]} Nc6
{[%clk 1:23:55]} 11. Kh1 {[%clk 1:16:52]} Nd7 {[%clk 1:14:02]} 12. a3
{[%clk 1:13:19]} Nb6 {[%clk 1:07:37]} 13. b3 {[%clk 0:53:21]} a5 {[%clk 0:58:17]}
14. Bb2 {[%clk 0:50:41]} a4 {[%clk 0:58:43]} 15. Nb5 Bf6 {[%clk 0:51:38]} 16.
Bxf6 {[%clk 0:40:14]} Qxf6 {[%clk 0:52:07]} 17. Qe1 {[%clk 0:38:24]} Nd4
{[%clk 0:44:11]} 18. e5 {[%clk 0:37:16]} Qd8 {[%clk 0:44:39]} 19. Nxd4
{[%clk 0:37:38]} Qxd4 {[%clk 0:45:06]} 20. Bxb7 {[%clk 0:37:49]} Rad8
{[%clk 0:44:36]} 21. Nf3 {[%clk 0:37:59]} Qc5 {[%clk 0:44:09]} 22. Be4
{[%clk 0:36:56]} Bxe4 {[%clk 0:41:17]} 23. Qxe4 {[%clk 0:37:24]} Nd5
{[%clk 0:38:21]} 24. Rfe1 {[%clk 0:35:08]} Nc3 {[%clk 0:37:22]} 25. b4
{[%clk 0:20:42]} Qb5 {[%clk 0:33:32]} 26. Qe3 {[%clk 0:19:54]} Qc6
{[%clk 0:34:02]} 27. Kg1 {[%clk 0:17:49]} Rd5 {[%clk 0:32:13]} 28. Nd4
{[%clk 0:17:31]} Qc4 {[%clk 0:31:51]} 29. Nf3 {[%clk 0:10:19]} Rfd8
{[%clk 0:30:15]} 30. h4 {[%clk 0:10:03]} c5 {[%clk 0:28:09]} 31. bxc5
{[%clk 0:08:50]} Qxc5 {[%clk 0:28:18]} 32. Qxc5 {[%clk 0:07:20]} Rxc5
{[%clk 0:28:47]} 33. Re3 {[%clk 0:05:49]} Nd5 {[%clk 0:22:39]} 34. Re2
{[%clk 0:04:01]} Rc3 {[%clk 0:19:26]} 35. Kf2 {[%clk 0:04:15]} Nb6
{[%clk 0:19:48]} 36. Rb1 {[%clk 0:03:18]} Nc4 {[%clk 0:17:15]} 37. Rb4
{[%clk 0:03:13]} Ra8 {[%clk 0:17:40]} 38. Ne1 {[%clk 0:02:41]} Nxa3
{[%clk 0:17:39]} 39. Rd2 {[%clk 0:00:37]} Rc7 {[%clk 0:16:07]} 40. Rdd4
{[%clk 0:00:43]} Nxc2 {[%clk 0:14:37]} 41. Rxa4 Rxa4 {[%clk 0:11:33]} 42. Rxa4
{[%clk 0:01:39]} Nxe1 {[%clk 0:11:56]} 43. Kxe1 {[%clk 0:02:05]} h5
{[%clk 0:12:23]} 44. Kf2 {[%clk 0:01:55]} Kh7 {[%clk 0:12:44]} 45. Ra3
{[%clk 0:01:56]} Kg6 {[%clk 0:13:09]} 46. Kf3 {[%clk 0:02:19]} Kf5
{[%clk 0:13:34]} 47. Rb3 {[%clk 0:02:39]} f6 {[%clk 0:12:10]} 48. exf6
{[%clk 0:02:16]} gxf6 {[%clk 0:12:38]} 49. Rb5+ {[%clk 0:02:18]} e5
{[%clk 0:12:56]} 50. fxe5 {[%clk 0:02:19]} fxe5 {[%clk 0:13:25]} 51. Rb3
{[%clk 0:02:07]} Rc4 {[%clk 0:12:15]} 52. Ra3 {[%clk 0:02:16]} Rb4
{[%clk 0:12:35]} 53. Rc3 {[%clk 0:02:34]} e4+ {[%clk 0:12:43]} 54. Ke3
{[%clk 0:01:13]} Kg4 {[%clk 0:13:09]} 55. Rc5 {[%clk 0:01:06]} Rb3+
{[%clk 0:13:35]} 56. Kxe4 {[%clk 0:01:02]} Rxg3 {[%clk 0:14:03]} 57. Rc1
{[%clk 0:01:41]} Rg2 {[%clk 0:13:32]} 58. Rc4 {[%clk 0:01:08]} Rh2
{[%clk 0:08:28]} 59. Ke5+ {[%clk 0:01:09]} Kg3 {[%clk 0:08:53]} 60. Kf5
{[%clk 0:01:30]} Rxh4 {[%clk 0:09:18]} 61. Rc3+ {[%clk 0:01:55]} Kf2
{[%clk 0:09:41]} 62. Kg5 {[%clk 0:02:19]} Rh1 {[%clk 0:10:00]} 63. Rc2+
{[%clk 0:02:23]} 1/2-1/2

[Event "XX Open Internacional Sant Marti 2018"]
[Site "Barcelona"]
[Date "2018.07.18"]
[Round "6.4"]
[White "Neelash, Saha"]
[Black "Munoz, Miguel"]
[Result "1/2-1/2"]
[BlackElo "2500"]
[WhiteElo "2319"]
[LiveChessVersion "1.4.8"]

1. d4 {[%clk 1:30:25]} Nf6 {[%clk 1:18:51]} 2. Bf4 {[%clk 1:30:46]} c5
{[%clk 1:17:51]} 3. dxc5 {[%clk 1:31:11]} Qa5+ {[%clk 1:17:25]} 4. Qd2
{[%clk 1:31:35]} Qxc5 {[%clk 1:17:47]} 5. Nc3 {[%clk 1:31:59]} g6
{[%clk 1:15:44]} 6. e4 {[%clk 1:31:37]} Nc6 {[%clk 1:09:44]} 7. O-O-O
{[%clk 1:31:10]} Bg7 {[%clk 1:07:38]} 8. f3 {[%clk 1:30:28]} d6 {[%clk 1:06:35]}
9. Bb5 {[%clk 1:29:08]} Bd7 {[%clk 0:59:32]} 10. Be3 {[%clk 1:26:09]} Qb4
{[%clk 0:59:07]} 11. Nge2 {[%clk 1:24:49]} O-O {[%clk 0:56:45]} 12. Nd4
{[%clk 1:18:29]} Nxd4 {[%clk 0:47:42]} 13. Qxd4 {[%clk 1:18:50]} Qa5
{[%clk 0:47:39]} 14. Qa4 {[%clk 1:18:03]} Qxa4 {[%clk 0:46:35]} 1/2-1/2

[Event "XX Open Internacional Sant Marti 2018"]
[Site "Barcelona"]
[Date "2018.07.18"]
[Round "6.5"]
[White "Oliva Castaneda, Kevel"]
[Black "Smirnov, Artem"]
[Result "1/2-1/2"]
[BlackElo "2405"]
[WhiteElo "2491"]
[LiveChessVersion "1.4.8"]

1. d4 {[%clk 1:30:30]} d5 {[%clk 1:29:10]} 2. c4 {[%clk 1:30:43]} dxc4
{[%clk 1:29:35]} 3. e3 {[%clk 1:30:53]} e5 {[%clk 1:29:48]} 4. Bxc4
{[%clk 1:30:58]} Nc6 {[%clk 1:29:38]} 5. Nf3 {[%clk 1:30:00]} e4 {[%clk 1:29:31]}
6. Nfd2 {[%clk 1:28:06]} Qg5 {[%clk 1:29:02]} 7. g3 {[%clk 1:23:38]} Nf6
{[%clk 1:26:42]} 8. Qb3 {[%clk 1:22:07]} Qg6 {[%clk 1:10:31]} 9. Nc3
{[%clk 1:21:24]} Bd6 {[%clk 1:10:29]} 10. Nd5 {[%clk 1:09:11]} Ng4
{[%clk 0:54:55]} 11. Nc3 {[%clk 0:55:11]} O-O {[%clk 0:48:19]} 12. Be2
{[%clk 0:46:29]} Bf5 {[%clk 0:37:30]} 13. Nc4 {[%clk 0:39:16]} Nb4
{[%clk 0:26:21]} 14. Nxd6 {[%clk 0:36:19]} Qxd6 {[%clk 0:26:45]} 15. O-O
{[%clk 0:28:18]} Rfe8 {[%clk 0:15:30]} 16. Bd2 {[%clk 0:22:25]} a5
{[%clk 0:11:42]} 17. a3 {[%clk 0:21:56]} Nc6 {[%clk 0:05:15]} 18. h3
{[%clk 0:17:34]} Nf6 {[%clk 0:04:34]} 19. Kg2 {[%clk 0:17:57]} h5
{[%clk 0:03:57]} 20. Rh1 {[%clk 0:17:39]} Ne7 {[%clk 0:03:21]} 21. Rac1
{[%clk 0:14:11]} c6 {[%clk 0:03:32]} 22. Na4 {[%clk 0:14:12]} b5 {[%clk 0:03:03]}
23. Nc5 {[%clk 0:14:32]} a4 {[%clk 0:02:59]} 24. Qd1 {[%clk 0:13:11]} h4
{[%clk 0:02:18]} 25. Qg1 {[%clk 0:11:51]} Ned5 {[%clk 0:01:47]} 26. g4
{[%clk 0:11:55]} Bg6 {[%clk 0:02:07]} 27. Qh2 {[%clk 0:12:08]} Qe7
{[%clk 0:02:19]} 28. Rc2 {[%clk 0:11:27]} Nh7 {[%clk 0:02:27]} 29. Rcc1
{[%clk 0:06:22]} Ng5 {[%clk 0:02:50]} 30. Qe5 {[%clk 0:05:25]} Qxe5
{[%clk 0:02:03]} 31. dxe5 {[%clk 0:05:50]} Rxe5 {[%clk 0:02:13]} 32. Nb7
{[%clk 0:05:50]} Re6 {[%clk 0:01:19]} 33. Rhd1 {[%clk 0:03:20]} Nf3
{[%clk 0:01:14]} 34. Nc5 {[%clk 0:02:25]} Rf6 {[%clk 0:00:57]} 35. Bc3
{[%clk 0:02:50]} Nxc3 {[%clk 0:00:44]} 36. Rxc3 {[%clk 0:03:16]} Ne5
{[%clk 0:00:43]} 37. g5 {[%clk 0:03:08]} Rf5 {[%clk 0:00:43]} 38. Nxe4
{[%clk 0:03:32]} Nc4 {[%clk 0:00:54]} 39. Bxc4 {[%clk 0:02:08]} bxc4
{[%clk 0:01:23]} 40. Rxc4 {[%clk 0:02:08]} Rb8 {[%clk 0:00:50]} 41. Rd2
{[%clk 0:01:35]} Rd5 {[%clk 0:00:53]} 42. Rdd4 {[%clk 0:01:02]} Rxb2
{[%clk 0:00:37]} 43. Rxa4 {[%clk 0:01:20]} Bxe4+ {[%clk 0:00:33]} 44. Rxe4
{[%clk 0:01:43]} Rxg5+ {[%clk 0:00:53]} 45. Kf3 {[%clk 0:01:54]} Rf5+
{[%clk 0:00:52]} 46. Rf4 {[%clk 0:02:18]} Rbb5 {[%clk 0:00:41]} 47. Rac4
{[%clk 0:02:03]} Rxf4+ {[%clk 0:00:34]} 48. Kxf4 {[%clk 0:02:21]} Rb2
{[%clk 0:00:37]} 49. Kf3 {[%clk 0:02:38]} Ra2 {[%clk 0:00:40]} 50. Rxc6
{[%clk 0:02:04]} Rxa3 {[%clk 0:01:03]} 51. Kg4 {[%clk 0:01:56]} Ra2
{[%clk 0:00:38]} 52. f4 {[%clk 0:01:43]} Rg2+ {[%clk 0:00:43]} 53. Kxh4
{[%clk 0:01:57]} f5 {[%clk 0:00:34]} 54. Rc5 {[%clk 0:00:54]} g6 {[%clk 0:00:40]}
55. Re5 {[%clk 0:00:47]} Kf7 {[%clk 0:00:47]} 1/2-1/2

[Event "XX Open Internacional Sant Marti 2018"]
[Site "Barcelona"]
[Date "2018.07.18"]
[Round "6.6"]
[White "Krysa, Leandro"]
[Black "Mitrabha, Guha"]
[Result "0-1"]
[BlackElo "2299"]
[WhiteElo "2533"]
[LiveChessVersion "1.4.8"]

1. d4 {[%clk 0:00:34]} Nf6 {[%clk 0:28:14]} 2. c4 {[%clk 0:00:34]} Nc6
{[%clk 0:28:14]} 3. Nf3 {[%clk 0:00:34]} e6 {[%clk 0:28:14]} 4. g3
{[%clk 0:00:34]} Bb4+ {[%clk 0:28:14]} 5. Bd2 {[%clk 0:00:34]} Qe7
{[%clk 0:28:14]} 6. e3 {[%clk 0:00:34]} Ne4 {[%clk 0:28:14]} 7. Bg2
{[%clk 0:00:34]} Nxd2 {[%clk 0:28:14]} 8. Nbxd2 {[%clk 0:00:34]} Bxd2+
{[%clk 0:28:14]} 9. Qxd2 {[%clk 0:00:34]} Qb4 {[%clk 0:28:14]} 10. Qxb4
{[%clk 0:00:34]} Nxb4 {[%clk 0:28:14]} 11. Kd2 {[%clk 0:00:34]} a5
{[%clk 0:28:14]} 12. Kc3 {[%clk 0:00:34]} d6 {[%clk 0:28:14]} 13. Nd2
{[%clk 0:00:34]} Nc6 {[%clk 0:28:14]} 14. b3 {[%clk 0:00:34]} Bd7
{[%clk 0:28:14]} 15. a3 {[%clk 0:00:34]} Ke7 {[%clk 0:28:14]} 16. b4
{[%clk 0:00:34]} Ra7 {[%clk 0:28:14]} 17. b5 {[%clk 0:00:34]} Nd8
{[%clk 0:28:14]} 18. Rab1 {[%clk 0:00:34]} b6 {[%clk 0:28:14]} 19. c5
{[%clk 0:00:34]} dxc5 {[%clk 0:28:14]} 20. dxc5 {[%clk 0:00:34]} bxc5
{[%clk 0:28:14]} 21. a4 {[%clk 0:00:34]} Bc8 {[%clk 0:28:14]} 22. Nb3
{[%clk 0:00:34]} Bb7 {[%clk 0:28:14]} 23. f3 {[%clk 0:00:34]} Ba8
{[%clk 0:28:14]} 24. Rhd1 {[%clk 0:00:34]} Nb7 {[%clk 0:28:14]} 25. e4
{[%clk 0:00:34]} f6 {[%clk 0:28:14]} 26. h4 {[%clk 0:00:34]} Rb8 {[%clk 0:28:14]}
27. Rb2 {[%clk 0:00:34]} c4 {[%clk 0:28:14]} 28. Kxc4 {[%clk 0:00:34]} Nd6+
{[%clk 0:28:14]} 29. Kc3 {[%clk 0:00:34]} c6 {[%clk 0:28:14]} 30. Rbd2
{[%clk 0:00:34]} cxb5 {[%clk 0:28:14]} 31. Nxa5 {[%clk 0:00:34]} Rc7+
{[%clk 0:28:14]} 32. Kd3 {[%clk 0:00:34]} bxa4 {[%clk 0:28:14]} 33. Ke3
{[%clk 0:00:34]} Nb5 {[%clk 0:28:14]} 34. Ra1 {[%clk 0:00:34]} Nc3
{[%clk 0:28:14]} 35. Bf1 {[%clk 0:00:34]} a3 {[%clk 0:28:14]} 36. Rc2
{[%clk 0:00:34]} Nd5+ {[%clk 0:28:14]} 37. Kd2 {[%clk 0:00:34]} Rxc2+
{[%clk 0:28:14]} 38. Kxc2 {[%clk 0:00:34]} Rb2+ {[%clk 0:28:14]} 39. Kd3
{[%clk 0:00:34]} Nb4+ {[%clk 0:28:14]} 40. Kc3 {[%clk 0:00:34]} Na2+
{[%clk 0:28:14]} 41. Kc4 {[%clk 0:00:34]} f5 {[%clk 0:28:14]} 42. Bd3
{[%clk 0:00:34]} e5 {[%clk 0:28:14]} 43. Kc5 {[%clk 0:00:34]} Nb4
{[%clk 0:28:14]} 44. Rxa3 {[%clk 0:00:34]} Nxd3+ {[%clk 0:28:14]} 45. Rxd3
{[%clk 0:00:34]} fxe4 {[%clk 0:28:14]} 46. fxe4 {[%clk 0:00:34]} Bxe4
{[%clk 0:28:14]} 47. Re3 {[%clk 0:00:34]} Rc2+ {[%clk 0:28:14]} 48. Kb4
{[%clk 0:00:34]} Bd5 {[%clk 0:28:14]} 49. Rxe5+ {[%clk 0:00:34]} Kd6
{[%clk 0:28:14]} 50. Rg5 {[%clk 0:00:34]} Rc7 {[%clk 0:28:14]} 51. Kb5
{[%clk 0:00:34]} h6 {[%clk 0:28:14]} 52. Rg6+ {[%clk 0:00:38]} Ke5
{[%clk 0:28:42]} 53. Kb6 {[%clk 0:01:01]} Rf7 {[%clk 0:29:11]} 54. Kc5
{[%clk 0:00:42]} Rc7+ {[%clk 0:28:47]} 55. Kb6 {[%clk 0:01:06]} Rd7
{[%clk 0:28:47]} 56. Nc6+ {[%clk 0:00:48]} Kf5 {[%clk 0:28:56]} 57. h5
{[%clk 0:00:51]} Bf3 {[%clk 0:28:45]} 58. g4+ {[%clk 0:01:17]} Bxg4
{[%clk 0:27:39]} 59. Rxg4 {[%clk 0:01:45]} Kxg4 {[%clk 0:28:08]} 60. Ne5+
{[%clk 0:02:14]} Kxh5 {[%clk 0:28:36]} 61. Nxd7 {[%clk 0:02:44]} Kg4
{[%clk 0:29:05]} 62. Kc5 {[%clk 0:02:38]} h5 {[%clk 0:29:33]} 63. Kd4
{[%clk 0:02:36]} Kg3 {[%clk 0:29:45]} 64. Ke3 {[%clk 0:00:43]} h4
{[%clk 0:30:08]} 65. Nc5 {[%clk 0:00:32]} h3 {[%clk 0:30:22]} 66. Ne4+
{[%clk 0:00:34]} Kg2 {[%clk 0:30:50]} 67. Kf4 {[%clk 0:00:31]} h2
{[%clk 0:31:10]} 68. Ng3 {[%clk 0:00:58]} g6 {[%clk 0:31:37]} 69. Kg4
{[%clk 0:00:31]} g5 {[%clk 0:32:00]} 0-1

[Event "XX Open Internacional Sant Marti 2018"]
[Site "Barcelona"]
[Date "2018.07.18"]
[Round "6.7"]
[White "Alonso Rosell, Alvar"]
[Black "Frayna, Janelle Mae"]
[Result "1-0"]
[BlackElo "2315"]
[WhiteElo "2523"]
[LiveChessVersion "1.4.8"]

1. Nf3 g6 2. c4 Bg7 3. d4 d6 4. e4 e5 5. Be2 Nc6 6. Be3 Bg4 7. d5 Bxf3 8. Bxf3
Nd4 9. Bxd4 exd4 10. O-O Ne7 11. Nd2 c5 12. Be2 O-O 13. Bd3 Qd7 14. Re1 g5 15.
Qh5 h6 16. Nf1 Ng6 17. Ng3 Ne5 18. Rad1 Qg4 19. Qxg4 Nxg4 20. Nf5 Rfd8 21. h4 a6
22. hxg5 hxg5 23. g3 b5 24. b3 Ne5 25. Kg2 Ng6 26. Rf1 g4 27. Rh1 Ne5 28. Rh5 Ra7
29. cxb5 axb5 30. Bxb5 Rxa2 31. Rg5 Ng6 32. Rxg4 Bf6 33. Rh1 Kf8 34. Rh7 Kg8 35.
Rh5 Rb2 36. Nh6+ Kg7 37. Bc4 Kf8 38. Rf5 Ke7 39. e5 dxe5 40. d6+ Rxd6 41. Nxf7
Re6 42. Rxg6 d3 43. Nh6 d2 44. Be2 e4 45. Ng8+ Kf7 46. Rgxf6+ Rxf6 47. Nxf6 Kg6
48. Rf4 e3 49. Ng4 exf2 50. Bd1 1-0

[Event "XX Open Internacional Sant Marti 2018"]
[Site "Barcelona"]
[Date "2018.07.18"]
[Round "6.8"]
[White "Aguero Jimenez, Luis Lazaro"]
[Black "Gorti, Akshita"]
[Result "1-0"]
[BlackElo "2255"]
[WhiteElo "2473"]
[LiveChessVersion "1.4.8"]

1. Nf3 {[%clk 1:30:57]} Nf6 {[%clk 1:30:47]} 2. g3 {[%clk 1:31:22]} d5
{[%clk 1:31:01]} 3. Bg2 {[%clk 1:31:46]} Bg4 {[%clk 1:31:07]} 4. Ne5
{[%clk 1:30:44]} Bh5 {[%clk 1:27:23]} 5. c4 {[%clk 1:31:02]} c6 {[%clk 1:25:28]}
6. cxd5 {[%clk 1:31:05]} cxd5 {[%clk 1:24:28]} 7. Qa4+ {[%clk 1:24:17]} Nbd7
{[%clk 1:22:13]} 8. Nc3 {[%clk 1:22:42]} e6 {[%clk 1:19:32]} 9. g4
{[%clk 1:22:14]} Bg6 {[%clk 1:12:51]} 10. h4 {[%clk 1:20:40]} Bd6
{[%clk 0:49:58]} 11. d4 {[%clk 1:18:40]} h6 {[%clk 0:43:51]} 12. Nxg6
{[%clk 1:16:38]} fxg6 {[%clk 0:44:19]} 13. g5 {[%clk 1:16:42]} hxg5
{[%clk 0:42:23]} 14. Bxg5 {[%clk 1:16:03]} Qb6 {[%clk 0:38:30]} 15. O-O-O
{[%clk 1:14:22]} O-O-O {[%clk 0:31:22]} 16. Kb1 {[%clk 1:08:13]} Kb8
{[%clk 0:30:21]} 17. e4 {[%clk 1:08:25]} Rc8 {[%clk 0:23:48]} 18. Qb5
{[%clk 0:55:20]} dxe4 {[%clk 0:18:59]} 19. Qxb6 {[%clk 0:55:29]} Nxb6
{[%clk 0:19:14]} 20. Nb5 {[%clk 0:49:33]} Bc7 {[%clk 0:17:53]} 21. Bh3
{[%clk 0:49:51]} Rhe8 {[%clk 0:11:37]} 22. Nxc7 {[%clk 0:49:57]} Kxc7
{[%clk 0:11:38]} 23. Bf4+ {[%clk 0:50:22]} Kd7 {[%clk 0:10:06]} 24. Rhg1
{[%clk 0:45:27]} Nbd5 {[%clk 0:07:04]} 25. Be5 {[%clk 0:45:43]} Ne7
{[%clk 0:05:21]} 26. h5 {[%clk 0:44:08]} Rh8 {[%clk 0:03:16]} 27. Bf1
{[%clk 0:36:22]} Rxh5 {[%clk 0:03:09]} 28. Bb5+ {[%clk 0:36:51]} Kd8
{[%clk 0:03:08]} 29. Ba4 {[%clk 0:32:07]} a6 {[%clk 0:02:26]} 30. Rde1
{[%clk 0:31:53]} Rh4 {[%clk 0:02:18]} 31. Bb3 {[%clk 0:27:57]} Kd7
{[%clk 0:02:30]} 32. f3 {[%clk 0:28:12]} b5 {[%clk 0:01:13]} 33. Bg3
{[%clk 0:28:03]} Rh3 {[%clk 0:01:02]} 34. fxe4 {[%clk 0:28:28]} Rf8
{[%clk 0:00:34]} 35. Be5 {[%clk 0:28:38]} a5 {[%clk 0:00:35]} 36. Rc1
{[%clk 0:28:08]} Nxe4 {[%clk 0:00:34]} 37. Rc7+ {[%clk 0:28:33]} Kd8
{[%clk 0:00:32]} 38. Bxe6 {[%clk 0:28:52]} Rhf3 {[%clk 0:00:35]} 39. Rd7+
{[%clk 0:27:25]} Ke8 {[%clk 0:00:55]} 40. Rb7 {[%clk 0:27:40]} 1-0

[Event "XX Open Internacional Sant Marti 2018"]
[Site "Barcelona"]
[Date "2018.07.18"]
[Round "6.9"]
[White "Cruz, Filemon"]
[Black "Fernandez Cardoso, Alexey"]
[Result "1-0"]
[BlackElo "2439"]
[WhiteElo "2314"]
[LiveChessVersion "1.4.8"]

1. c4 {[%clk 1:30:56]} g6 {[%clk 1:30:41]} 2. Nc3 {[%clk 1:31:13]} Bg7
{[%clk 1:31:03]} 3. g3 {[%clk 1:31:32]} d6 {[%clk 1:31:17]} 4. Bg2
{[%clk 1:31:50]} e5 {[%clk 1:31:37]} 5. d3 {[%clk 1:31:35]} f5 {[%clk 1:31:53]}
6. e3 {[%clk 1:29:18]} Nf6 {[%clk 1:32:14]} 7. Nge2 {[%clk 1:29:41]} O-O
{[%clk 1:32:09]} 8. O-O {[%clk 1:28:52]} Nc6 {[%clk 1:30:23]} 9. Rb1
{[%clk 1:28:42]} a5 {[%clk 1:27:35]} 10. a3 {[%clk 1:27:32]} Ne7 {[%clk 1:27:47]}
11. f4 {[%clk 1:24:44]} exf4 {[%clk 1:26:25]} 12. Nxf4 {[%clk 1:24:51]} c6
{[%clk 1:25:45]} 13. Bd2 {[%clk 1:17:22]} Qe8 {[%clk 1:16:01]} 14. Na4
{[%clk 0:50:29]} Ra6 {[%clk 1:07:07]} 15. c5 {[%clk 0:50:22]} d5 {[%clk 1:07:17]}
16. Nb6 {[%clk 0:44:41]} g5 {[%clk 1:07:39]} 17. Nxc8 {[%clk 0:44:41]} Nxc8
{[%clk 1:02:02]} 18. Nh3 {[%clk 0:43:47]} Qg6 {[%clk 1:01:42]} 19. e4
{[%clk 0:36:19]} fxe4 {[%clk 1:00:30]} 20. Nxg5 {[%clk 0:35:48]} Re8
{[%clk 0:47:36]} 21. dxe4 {[%clk 0:35:03]} dxe4 {[%clk 0:47:34]} 22. Qb3+
{[%clk 0:34:52]} Nd5 {[%clk 0:46:53]} 23. Bxe4 {[%clk 0:34:38]} Rxe4
{[%clk 0:45:03]} 24. Qxb7 {[%clk 0:33:45]} Ra7 {[%clk 0:31:44]} 25. Qxc8+
{[%clk 0:33:59]} Re8 {[%clk 0:32:08]} 26. Qf5 {[%clk 0:33:37]} Qxf5
{[%clk 0:32:12]} 27. Rxf5 {[%clk 0:33:59]} a4 {[%clk 0:32:10]} 28. b4
{[%clk 0:31:27]} axb3 {[%clk 0:31:26]} 29. Rxb3 {[%clk 0:31:47]} Bd4+
{[%clk 0:31:50]} 30. Kf1 {[%clk 0:28:42]} Bxc5 {[%clk 0:30:42]} 31. Nf3
{[%clk 0:25:24]} Bxa3 {[%clk 0:23:44]} 32. Rg5+ {[%clk 0:25:32]} Kh8
{[%clk 0:22:19]} 33. Rd3 {[%clk 0:24:13]} Bb2 {[%clk 0:21:45]} 34. Kg2
{[%clk 0:24:00]} Re2+ {[%clk 0:19:30]} 35. Kh3 {[%clk 0:24:19]} Bg7
{[%clk 0:17:02]} 36. Nd4 {[%clk 0:23:43]} Bxd4 {[%clk 0:15:36]} 37. Rxd4
{[%clk 0:24:07]} Rd7 {[%clk 0:14:03]} 38. Bc3 {[%clk 0:24:10]} 1-0

[Event "XX Open Internacional Sant Marti 2018"]
[Site "Barcelona"]
[Date "2018.07.18"]
[Round "6.10"]
[White "Miciano, John Marvin"]
[Black "Navarro Lopez-Menchero, Daniel"]
[Result "1-0"]
[BlackElo "2297"]
[WhiteElo "2411"]
[LiveChessVersion "1.4.8"]

1. g3 {[%clk 1:24:46]} d5 {[%clk 1:30:26]} 2. Bg2 {[%clk 1:24:37]} Nf6 3. Nf3
{[%clk 1:23:52]} Bg4 {[%clk 1:29:23]} 4. O-O {[%clk 1:22:47]} Nbd7
{[%clk 1:28:16]} 5. d3 {[%clk 1:22:27]} e6 {[%clk 1:24:58]} 6. c3
{[%clk 1:17:43]} Be7 {[%clk 1:23:13]} 7. Qc2 {[%clk 1:17:38]} O-O
{[%clk 1:22:03]} 8. e4 {[%clk 1:16:03]} c5 {[%clk 1:16:29]} 9. Nbd2
{[%clk 1:13:06]} Rc8 {[%clk 1:10:59]} 10. Re1 {[%clk 1:11:13]} b5
{[%clk 1:06:33]} 11. a4 {[%clk 1:02:53]} a6 {[%clk 1:01:26]} 12. axb5
{[%clk 0:55:15]} axb5 {[%clk 1:01:49]} 13. Nf1 {[%clk 0:53:36]} c4
{[%clk 0:57:13]} 14. exd5 {[%clk 0:53:06]} Nxd5 {[%clk 0:56:31]} 15. dxc4
{[%clk 0:50:57]} bxc4 {[%clk 0:55:16]} 16. Ne3 {[%clk 0:50:13]} Nxe3
{[%clk 0:53:53]} 17. Bxe3 {[%clk 0:50:35]} Nc5 {[%clk 0:54:20]} 18. Ne5
{[%clk 0:27:25]} Bf5 {[%clk 0:52:33]} 19. Qe2 {[%clk 0:24:12]} Nd3
{[%clk 0:50:14]} 20. Red1 {[%clk 0:22:03]} Qe8 {[%clk 0:50:32]} 21. Bd4
{[%clk 0:18:09]} Bc5 {[%clk 0:48:04]} 22. Bxc5 {[%clk 0:11:36]} Rxc5
{[%clk 0:48:28]} 23. Nxd3 {[%clk 0:11:51]} Bxd3 {[%clk 0:48:52]} 24. Qe3
{[%clk 0:12:07]} Rc7 {[%clk 0:37:06]} 25. b4 {[%clk 0:11:06]} Qd7
{[%clk 0:32:45]} 26. Be4 {[%clk 0:10:30]} Rd8 {[%clk 0:32:35]} 27. Bxd3
{[%clk 0:10:49]} cxd3 {[%clk 0:32:59]} 28. Rxd3 {[%clk 0:10:57]} Qc8
{[%clk 0:33:03]} 29. Rxd8+ {[%clk 0:10:41]} Qxd8 {[%clk 0:33:30]} 30. Qf3
{[%clk 0:09:42]} g6 {[%clk 0:32:23]} 31. Ra8 {[%clk 0:09:45]} Rc8
{[%clk 0:32:47]} 32. Rxc8 {[%clk 0:10:07]} Qxc8 {[%clk 0:33:15]} 33. b5
{[%clk 0:10:20]} Qc4 {[%clk 0:26:48]} 34. b6 {[%clk 0:07:50]} Qb5
{[%clk 0:27:09]} 35. b7 {[%clk 0:08:12]} e5 {[%clk 0:27:37]} 36. c4
{[%clk 0:08:29]} Qb1+ {[%clk 0:28:03]} 37. Kg2 {[%clk 0:07:54]} e4
{[%clk 0:28:26]} 38. Qe3 {[%clk 0:07:20]} Qxb7 {[%clk 0:28:51]} 39. h4
{[%clk 0:07:42]} Qc6 {[%clk 0:28:28]} 40. c5 {[%clk 0:08:00]} Kf8
{[%clk 0:27:27]} 41. Kh2 {[%clk 0:07:22]} Ke7 {[%clk 0:27:42]} 42. Qd4
{[%clk 0:07:26]} Ke6 43. Qc4+ Qd5 {[%clk 0:23:09]} 44. Qa6+ {[%clk 0:07:40]} Ke5
45. Qa7 {[%clk 0:06:04]} Qe6 {[%clk 0:20:42]} 46. Qb7 Qf5 47. Kg1
{[%clk 0:04:27]} Qf3 {[%clk 0:11:14]} 48. Qe7+ {[%clk 0:04:31]} Kd5
{[%clk 0:11:39]} 49. Qd6+ {[%clk 0:04:56]} Kc4 {[%clk 0:12:05]} 50. c6
{[%clk 0:02:21]} e3 {[%clk 0:12:29]} 51. fxe3 {[%clk 0:02:38]} Qxe3+
{[%clk 0:12:50]} 52. Kf1 {[%clk 0:02:40]} Qf3+ {[%clk 0:13:14]} 53. Ke1
{[%clk 0:02:58]} Qe3+ {[%clk 0:13:37]} 54. Kd1 {[%clk 0:03:23]} Qf3+
{[%clk 0:13:50]} 55. Kd2 {[%clk 0:03:37]} Qg2+ {[%clk 0:08:20]} 56. Ke3
{[%clk 0:03:32]} Qg1+ {[%clk 0:08:40]} 57. Kf4 {[%clk 0:03:44]} Qf2+
{[%clk 0:09:04]} 58. Kg5 {[%clk 0:03:29]} Qf5+ {[%clk 0:07:56]} 59. Kh6
{[%clk 0:03:53]} Kb5 {[%clk 0:07:56]} 60. c7 {[%clk 0:04:12]} g5 {[%clk 0:07:27]}
61. hxg5 {[%clk 0:03:49]} Ka5 {[%clk 0:06:24]} 62. Qc6 {[%clk 0:03:14]} f6
{[%clk 0:06:23]} 63. Qxf6 {[%clk 0:03:21]} Qd7 {[%clk 0:06:49]} 64. Qf3 1-0